| 000 | 00464nam a2200181Ia 4500 | ||
|---|---|---|---|
| 001 | 5012 | ||
| 005 | 20260306145837.0 | ||
| 008 | 260306t2013||||xx |||||||||||||| ||spa|| | ||
| 041 | _aESP | ||
| 082 |
_a332.6 _bV23 |
||
| 100 |
_aVallejo Alonso, Belén _eAUT |
||
| 245 | 0 |
_aGestión patrimonial y banca privada: _bmanual del asesor financiero |
|
| 260 | _c2013 | ||
| 300 |
_a643 páginas : _c24 cm. |
||
| 650 | _aGEN | ||
| 654 | _aCAN | ||
| 942 |
_cLIB _dJUS _fJUS _2ddc _n |
||
| 999 |
_c5012 _d5012 |
||